[Event "IECC CL2-2004.03 email"]
[Site "IECC email"]
[Date "2004.01.24"]
[Round "?"]
[White "Mantyla, Risto"]
[Black "Leisebein, Peter"]
[Result "1/2-1/2"]
[WhiteElo "2125"]
[BlackElo "2165"]
[PlyCount "62"]
[EventDate "2004.??.??"]
[EventType "tourn (corr)"]
[EventRounds "4"]
[SourceTitle "Corr 2008"]
[Source "ChessBase"]
[SourceDate "2008.06.24"]
[SourceVersion "1"]
[SourceVersionDate "2008.06.24"]
[SourceQuality "1"]

1. d4 d5 2. c4 e5 3. dxe5 d4 4. Nf3 Nc6 5. g3 Be6 6. Nbd2 Qd7 7. Bg2 0-0-0 8. 0-0 h5 9. Qa4 Kb8 10. Ng5 Nxe5 11. Qxd7 Nxd7 12. Nxe6 fxe6 13. Nb3 e5 14. Na5 c6 15. a3 h4 16. b4 Re8 17. Rb1 Ngf6 18. b5 Nc5 19. bxc6 b6 20. Nb3 Nce4 21. Bb2 hxg3 22. hxg3 Kc7 23. Rbd1 Bc5 24. Rd3 Nd6 25. Rc1 Nf5 26. Rdd1 Rhf8 27. a4 Nd6 28. a5 Nfe4 29. Rf1 Rb8 30. axb6+ axb6 31. e3 dxe3 1/2-1/2